№ 8-12; Химическая промышленность

গ্রন্থ-পঞ্জীর বিবরন
Parent link:Химическая промышленность: научно-технический журнал/ Орган Министерства химической промышленности СССР. № 8-12.— , 1944-2006.— 0023-110X
ভাষা:রুশ
প্রকাশিত: 1973
বিন্যাস: MixedMaterials গ্রন্থ
KOHA link:https://koha.lib.tpu.ru/cgi-bin/koha/opac-detail.pl?biblionumber=465773

MARC

LEADER 00000nam2a2200000 4500
001 465773
005 20231101090422.0
035 |a (RuTPU)RU\TPU\prd\130361 
035 |a RU\TPU\prd\130355 
090 |a 465773 
100 |a 20120131a19242006k y0rusy50 ca 
101 0 |a rus 
102 |a RU 
200 0 |a № 8-12 
210 |d 1973 
461 1 |0 (RuTPU)RU\TPU\prd\1027  |x 0023-110X  |t Химическая промышленность  |o научно-технический журнал  |f Орган Министерства химической промышленности СССР  |v № 8-12  |d 1944-2006 
801 0 |a RU  |b 63413507  |c 20011210  |g PSBO 
801 2 |a RU  |b 63413507  |c 20120131  |g PSBO 
942 |c BK 
999 |a НТБ_ТПУ  |b НФ  |e -8/20120110  |p П-1937  |u 0,00  |v 1